| 000 | 00667ntaaa2200229 4500 | ||
|---|---|---|---|
| 003 | 01 | ||
| 005 | 20251027202452.0 | ||
| 008 | 0714s1973 ag 01 | ||
| 020 | _a0311114458 | ||
| 040 |
_aAR-BaBN _bspa _cAR-BaBN _eaacr _dRIC |
||
| 082 | _a268.4322 P45m | ||
| 100 | _ade Patterson, Paulina G. | ||
| 245 | _aMejor enseñanza bíblica: para meastros de niños de 4 - 5 años. | ||
| 250 | _a1 ed. | ||
| 260 |
_aEl Paso : _bCBP, _c1982 |
||
| 300 |
_a96 p. ; _c18,5 cm. |
||
| 500 | _acontiene actividades para repaso y evaluación | ||
| 650 | _aEducación Cristiana-Niños | ||
| 700 | _aDomínguez H., Ruth | ||
| 700 |
_ade Martínez, Carol _923599 |
||
| 942 | _cBK | ||
| 999 |
_c19696 _d19696 |
||